Sociálna psychológia človek vo vzťahoch

Saved in:
Bibliographic Details
Main Author: Verešová, Marcela
Other Authors: Sollárová, Eva, Sollár, Tomáš, Zelina, Miron, Flešková, Marta, Čavojová, Vladimíra, Pohánka, Martin
Format: Book
Language:Slovak
Published: Nitra Enigma 2011
Edition:2. dopl. vyd.
Subjects:
Tags: Add Tag
No Tags, Be the first to tag this record!

MARC

LEADER 00000nam a2200000 4500
001 0141739
005 20240226122912.8
020 |a 978-80-8133-002-5 
041 0 |a slo 
044 |a SK 
245 1 0 |a Sociálna psychológia  |b človek vo vzťahoch  |c Marcela Verešová a kolektív 
250 |a 2. dopl. vyd. 
264 1 |a Nitra  |b Enigma  |c 2011 
300 |a 295 s. 
610 2 0 |a psychológia sociálna 
610 2 0 |a výskum psychologický 
610 2 0 |a výskum sociologický 
610 2 0 |a socializácia 
610 2 0 |a vzťahy medziľudské 
610 2 0 |a metodológia 
100 1 |a Verešová, Marcela 
700 1 |a Sollárová, Eva 
700 1 |a Sollár, Tomáš 
700 1 |a Zelina, Miron 
700 1 |a Flešková, Marta 
700 1 |a Čavojová, Vladimíra 
700 1 |a Pohánka, Martin